|
|
|
|
| LEADER |
01061nam a2200241 a 4500 |
| 001 |
GR-Patra24965 |
| 003 |
GR-PaULI |
| 005 |
20230421123951.0 |
| 008 |
070129s2007 gr g b 001 b eng d |
| 952 |
|
|
|0 0
|1 0
|2 ddc
|4 0
|6 006_700000000000000_FIR
|7 0
|9 306347
|a LISP
|b LISP
|c ALFg
|d 2021-01-17
|e 24
|f
|g 0.00
|i 38488
|l 0
|o 006.7 FIR
|p 025000301784
|r 2021-01-17 00:00:00
|t 1
|v 2021.00
|w 2021-01-17
|y BK15
|e
|x
|x GrPaTEI
|
| 999 |
|
|
|c 177035
|d 177035
|
| 020 |
|
|
|a 1587052687
|
| 040 |
|
|
|a GR-PaULI
|b gre
|c GR-PaULI
|e AACR2
|
| 082 |
0 |
4 |
|a 006.7
|2 23
|
| 100 |
1 |
|
|a Firestone, Scott
|9 197435
|e συγγραφέας.
|
| 245 |
1 |
0 |
|a Voice and video conferencing fundamentals /
|c Scott Firestone, Thiya Ramalingam, and Steve Fry.
|
| 260 |
|
|
|a Indianapolis, IN :
|b Cisco Press,
|c c2007.
|
| 300 |
|
|
|a xx, 376 σ. :
|b εικ. ;
|c 23 εκ.
|
| 504 |
|
|
|a Περιλαμβάνει βιβλιογραφίες και ευρετήριο.
|
| 700 |
1 |
|
|a Fry, Steve
|9 197436
|e συγγραφέας.
|
| 700 |
1 |
|
|a Ramalingam, Thiya
|9 197437
|e συγγραφέας.
|
| 942 |
|
|
|2 ddc
|c BK
|
| 998 |
|
|
|c ΜΠΟΥΡΑΣ
|d 2023-04
|